Score 0/18 Timer 07:00
1 Play Today
Description Word % Correct
Used to open wine or a feature of some roller coastersCorkscrew
86.8%
Sad films might tug at theseHeartstrings
77.6%
Either of these is a popular swimming styleBreaststroke or Backstroke
74.7%
This is an athletic supporter for malesJockstrap
65.6%
Everyone has weaknesses, and everyone has theseStrengths
60.8%
This is the city where you originally hail fromBirthplace
58.7%
Nick Carter and Brian Littrell were these type of boysBackstreet
58.7%
You write one of these if you need to include something after you've written your signaturePostscript
53.4%
This band wrote 'Pretty Fly for a White Guy,' alternately, these are your children(The) Offspring
53.3%
Description Word % Correct
Examples of this include diamond, amethyst, and peridotBirthstone
46.1%
This item is used to light firesMatchstick
37.9%
This painters' technique can be thick or thin, depending on the instrument you useBrushstroke
32.8%
This rock might be found in front of your fireplaceHearthstone
29.2%
An old crone might use this sort of magic to turn you into a frogWitchcraft
28.7%
This deadly herb is also known as belladonnaNightshade
23.4%
Something in a film that you don't observe takes place hereOffscreen
21.8%
This celluloid spool can be passed in front of a projector to view a movieFilmstrip
16.7%
Made speechless by astonishmentDumbstruck
12.3%
Remove Ads.
Support Sporcle.
Get the best of Sporcle when you Go Orange. This ad-free experience offers more features, more stats, and more fun while also helping to support Sporcle. Thank you for becoming a member.

You're not logged in!

Compare scores with friends on all Sporcle quizzes.
OR
Log In

Sporcle TV

Today on Sporcle TV


Watch our educational content, quiz creation guides, and fun videos on Sporcle TV.

Show Comments

Extras

Top Quizzes Today


Score Distribution

Paid Content

Your Account Isn't Verified!

In order to create a playlist on Sporcle, you need to verify the email address you used during registration. Go to your Sporcle Settings to finish the process.

Report this User

Report this user for behavior that violates our Community Guidelines.

Details: